000 00642nam a22001937a 4500
999 _c167929
_d167929
005 20190923160714.0
010 _aB-730157
020 _c295.00
_a9789383331826
035 _aB-730157
037 _bDuckbill Books
082 _a649.1
100 _aTanu Shree Singh
245 _aKeep calm and mommy on /
_cby Tanu Shree Singh
260 _bDuckbill Books
_aChennai
_c2017
270 _bChennai
_aF2, Oyster Operaa, 35/36 Gangai Street Kalakshetra Colony
_e600090
300 _a192p.:
_c20cm(pbk)
_bill.
942 _2ddc
_cCH
_mTAN
_h649.1